LDR 00625nam a2200181 i 4500 001 000000103095 003 CaOOAMICUS 005 20260408093017.0 008 010914s1988 it u000 u ita u 040 $aSeMil$bita 245 10$a14: Pra-Py. 300 $a1080 p. 773 0 $aBattaglia, Salvatore <1904-1971>$tGrande dizionario della lingua italiana.$dTorino : UTET, 1961-2009.$g14$w()6614 850 $aSeMil 852 $aSeMil$W1$xVenegono$y1$mSL1.A V 14$j269833$B59556$CSeMilBibl$Z2$F44045 $8I 961 $aSottoscrizione: UTET (Agente) 996 $6245$a14: Pra-Py$9(OLS)http://semarc/title/149833